000 00513cam a2200181 4500
001 X123513
008 030909n2000 000 0 eng u
035 _a(Sirsi) u123513
110 _aAnstey
_hJ.
245 _aMeasurement of light
260 _c2000
490 _aStructural Survey
_v 18(5) 2000, 244-245(2)
520 _aAssesses methods for measuring light including Waldram diagrams.
650 _aRights of light
_96267
650 _aWALDRAM DIAGRAM
690 _aBoundary disputes
_96221
942 _n0
999 _c73366
_d73366